Carlos Puente de Ambrosio (Record no. 10781)
[ view plain ]
| 000 - LÍDER | |
|---|---|
| campo de control de longitud fija | 01025nam a2200205Ia 4500 |
| 008 - ELEMENTOS DE DATOS DE LONGITUD FIJA - INFORMACIÓN GENERAL | |
| campo de control de longitud fija | 0000001993 it ad 0000000000mul00 |
| 090 ## - NÚMERO DE LLAMADA DE TIPO LC LOCALMENTE ASIGNADO (OCLC) | |
| Número de clasificación (OCLC) (R) | PSP00 C16c |
| 100 1# - ENTRADA PRINCIPAL - NOMBRE PERSONAL | |
| Nombre de la persona | Caprile, Luciano |
| 245 10 - TÍTULO DECLARACIÓN | |
| Título | Carlos Puente de Ambrosio |
| Resto del título | : a coloro che scrivono lettere al mare... |
| Declaración de responsabilidad | / texti critici a cura di Luciano Caprile, Giovanna Riu ; fotografie Maura Parodi, Alfonso Santiago |
| 260 ## - PUBLICACIÓN, DISTRIBUCIÓN | |
| Lugar de publicación | Genova : Orti Sauli Galleria d'Arte in Genova |
| Fecha de publicación | 1993 |
| 300 ## - DESCRIPCIÓN FÍSICA | |
| Alcance | 47 p. |
| Dimensiones | / 22 cm. |
| 500 ## - NOTA GENERAL | |
| Nota general | Exposición realizada en Galleria Orti Sauli, Genova, febrero11 a marzo 20 de 1993 \ Incluye cronología del artista \ Texto en : Italiano, francés e inglés \ Registro auspiciado por la FGAA. Bogotá |
| 600 00 - ENTRADA DE SUJETO AÑADIDO - NOMBRE PERSONAL | |
| Nombre de la persona | PUENTE DE AMBROSIO, CARLOS, 1950/ |
| Subdivisión general | TRABAJOS PICTORICOS |
| 650 14 - ENTRADA DE SUJETO AÑADIDO - TÉRMINO TÓPICO | |
| Término tópico o elemento de entrada del nombre geográfico | ARTE CONTEMPORANEO ESPAÑOL |
| 650 14 - ENTRADA DE SUJETO AÑADIDO - TÉRMINO TÓPICO | |
| Término tópico o elemento de entrada del nombre geográfico | ARTISTAS PLASTICOS ESPAÑOLES EXPOSIONES |
| 650 14 - ENTRADA DE SUJETO AÑADIDO - TÉRMINO TÓPICO | |
| Subdivisión general | CATALOGOS |
| 650 14 - ENTRADA DE SUJETO AÑADIDO - TÉRMINO TÓPICO | |
| Subdivisión general | EXPOSICIONES |
| 650 14 - ENTRADA DE SUJETO AÑADIDO - TÉRMINO TÓPICO | |
| Término tópico o elemento de entrada del nombre geográfico | PINTURA ESPAÑOLA |
| 700 1# - ENTRADA AGREGADA - NOMBRE PERSONAL | |
| Nombre de la persona | Riu, Giovanna \ Parodi, Maura \ Santiago, Alfonso |
| Estado de retirada | Pérdida de estatus | Estado dañado | No para préstamo | Código de recogida | Ubicación permanente | Ubicación actual | Ubicación de las estanterías | Fecha de adquisición | Número de llamada completo | Código de barras | Fecha de la última vez que se vio | Número de copia | Precio efectivo desde | Tipo de artículo Koha |
|---|---|---|---|---|---|---|---|---|---|---|---|---|---|---|
| General | ArtNexus | ArtNexus | General | 06/09/2022 | P-SP-00 C16C | 10881 | 06/09/2022 | Ej.1 | 06/09/2022 | Libro |